Il momento musicale italiano

Saved in:
Bibliographic Details
Main Author: Parigi, Luigi (autore)
Format: Book
Language:Italian
Published: Florencia Vallecchi 1921
Subjects:
Tags: Add Tag
No Tags, Be the first to tag this record!

MARC

LEADER 00000nam a2200000 a 4500
001 UCY9864
003 CL-VaPUC
008 950720e19210000IT |||||||||||||||||ita|d
082 0 4 |a 780.904  |b PAR  |2 21 
100 |a Parigi, Luigi  |e autore  |9 342403 
245 1 3 |a Il momento musicale italiano 
300 |a 198 p 
942 |c BK 
945 |d 19950720 00:00:00  |a awong 
260 |a Florencia  |b Vallecchi  |c 1921 
650 7 |a HISTORIA DE LA MUSICA SIGLO 20  |2 CL-VaPUC  |9 342404 
651 0 |a Italia  |9 254949 
583 |a last modification  |c 20160901 03:42:07  |k Rodrigo Vera 
999 |c 236872  |d 236870 
952 |0 0  |1 0  |4 0  |6 780_904000000000000_PAR_1921  |7 0  |8 A  |9 245236  |a BIBEDU  |b BIBEDU  |d 2019-11-18  |i 3097773  |o 780.904 PAR 1921  |p 3097773  |r 2022-01-17  |w 2019-11-18  |y BK  |k MUS